000 00988 a2200229 4500
020 _a047110647X
040 _aDLC
082 0 0 _a621.3822
100 1 _aNikias, Chrysostomos L.
245 0 0 _aSignal processing with alpha-stable distributions and applications
_cChrysostomos L. Nikias, Min Shao.
260 _aNew York :
_bWiley,
_cc1995.
300 _axiii, 168 p. :
_bill. ;
_c25 cm.
440 0 _aAdaptive and learning systems for signal processing, communications, and control
500 _a"A Wiley-Interscience publication."
650 0 _aSignal processing
_xMathematics.
650 0 _aDistribution (Probability theory)
700 1 _aShao, Min.
856 4 _3Table of Contents
_uhttp://www.loc.gov/catdir/toc/onix04/95001482.html
856 4 _3Contributor biographical information
_uhttp://www.loc.gov/catdir/enhancements/fy0707/95001482-b.html
856 4 _3Publisher description
_uhttp://www.loc.gov/catdir/enhancements/fy0707/95001482-d.html
942 _cBK
_k621.3822 NIK
_2ddc
999 _c8239
_d8239